Listovki pervykh let Sovetskoĭ vlasti, 25 okt., 7 noi︠a︡bri︠a︡ 1917-1925 : katalog kolekt︠s︡ii Gosudarstvennoĭ publichnoĭ biblioteki imeni M.E. Saltykova-Shchedrina v dvukh tomakh.
Saved in:
| Corporate Author: | |
|---|---|
| Other Authors: | , |
| Format: | Book |
| Language: | Russian |
| Published: |
Moskva :
"Kniga",
1967-70.
|
| Subjects: | |
| Tags: |
Add Tag
No Tags, Be the first to tag this record!
|
| LEADER | 01345cam a2200289Ma 4500 | ||
|---|---|---|---|
| 001 | 005750436-9 | ||
| 005 | 20020606163548.3 | ||
| 008 | 900823m19671970ru h c 001 0 rus | ||
| 010 | |a 70378333 | ||
| 035 | 0 | |a ocm06406910 | |
| 035 | 0 | |a ocm22521246 | |
| 040 | |a DLC |c NYP |d HLS | ||
| 043 | |a e-ur--- | ||
| 050 | |a DK266.A3L4 | ||
| 110 | 2 | |a Gosudarstvennai︠a︡ publichnai︠a︡ biblioteka imeni M.E. Saltykova-Shchedrina. | |
| 245 | 1 | 0 | |a Listovki pervykh let Sovetskoĭ vlasti, 25 okt., 7 noi︠a︡bri︠a︡ 1917-1925 : |b katalog kolekt︠s︡ii Gosudarstvennoĭ publichnoĭ biblioteki imeni M.E. Saltykova-Shchedrina v dvukh tomakh. |
| 260 | |a Moskva : |b "Kniga", |c 1967-70. | ||
| 300 | |a 2 v. : |b facsims. | ||
| 500 | |a Vol. 1 compiled by I︠U︡.S. Afanasʹev and others; v. 2 compiled by I.I. Krylova and others. | ||
| 500 | |a At head of title: Gosudarstvennai︠a︡ ordena Trudovogo Krasnogo Znameni publichnai︠a︡ biblioteka im. M.E. Saltykova-Shchedrina. | ||
| 500 | |a Errata slip inserted (vol. 1). | ||
| 610 | 2 | 0 | |a Gosudarstvennai︠a︡ publichnai︠a︡ biblioteka imeni M.E. Saltykova-Shchedrina |v Catalogs. |
| 651 | 0 | |a Soviet Union |x History |y Revolution, 1917-1921 |x Sources |v Catalogs. | |
| 700 | 1 | |a Afanasʹev, I͡U. S. |q (I͡Uriĭ Sergeevich) | |
| 700 | 1 | |a Krylova, I. I. |q (Inna Ivanovna) | |
| 988 | |a 20020608 | ||
| 906 | |0 DLC | ||


